| 000 | 00947cab a2200253 4500 | ||
|---|---|---|---|
| 001 | ABS51663 | ||
| 008 | 090401t1994 xxu||||| |||| 00| 0 eng d | ||
| 035 | _a(Sirsi) u38213 | ||
| 041 | _aeng | ||
| 100 | _aD'Arcy, J. | ||
| 245 | _aRe-drawing the political map of construction | ||
| 260 | _c1994 | ||
| 350 | _a0 | ||
| 490 |
_aContract Journal _v376(6002) 24 November 1994, 24-25(2) |
||
| 520 | _aExamines developments in the political structure of the construction industry and the ways in which its representative bodies are organised and relate to each other. Includes an illustrative map of the industry listing nearly 100 separate bodies. | ||
| 650 | _aCONSTRUCTION CLIENTS FORUM | ||
| 650 | _aCONSTRUCTION INDUSTRY COUNCIL | ||
| 650 | _aCONSTRUCTION INDUSTRY EMPLOYERS COUNCIL | ||
| 650 | _aCONSTRUCTORS LIAISON GROUP | ||
| 650 | _aTUC CONSTRUCTION FORUM | ||
| 690 | _aBUILT ENVIRONMENT | ||
| 942 | _n0 | ||
| 948 | _c04/03/1997 | ||
| 999 |
_c24553 _d24553 |
||